000 00816nam a22002417a 4500
003 dpl
005 20180620132518.0
008 180620b xxu||||| |||| 00| 0 eng d
010 _aB-132619
020 _c00.00
_a0070595070
035 _aB-132619, B-132632
037 _bCen Lib/Ret
040 _aDPL
_bEN
_c0
082 _a658.312404
_bKRO
100 _aKroehnert, Gary
_994001
245 _aGames trainers play outdoors /
_cby Gary Kroehnert
260 _aNew Delhi
_bTata McGraw-Hill Publishing Company
_c2005
270 _bNew Delhi
_a7 West Patel Nagar
_e110008
300 _axxxvi,203p. :
_c23cm(pbk)
_bill.
650 _aManagement games -- Study and teaching
_994002
650 _aManagement games -- Study and teaching -- Australia
_994003
942 _2ddc
_cEN
_h658.312404
_mKRO
999 _c135064
_d135064